00541cam a2200181 a 450000100100000000500170001000800410002702000150006804000230008308200180010610000260012424500500015026000340020030000210023450000600025565000200031565000240033500000809820200929154431.0010309s2000 mx 000 f spa d a9681905059 aDO-SdBNPcDLCdDLC aM863.44bK91s1 aKrauze, Ethel,d1954-13aEl secreto de la infidelidad /cEthel Krauze. aMéxico :bAlfaguara,c2000. a132 p. ;c21 cm. aEl primer ejemplar es la tercera reimpresión del 2001 4aNovela mexicana 4aLiteratura mexicana